000 00542pab a2200181 454500
008 180718b2005 xxu||||| |||| 00| 0 eng d
100 _aAquino, Karl
245 _aUsing a dual role assignment to improve group dynamics and performance: the effects of facilitating social capital in teams
260 _c2005
300 _ap.17-38.
362 _aFeb
650 _aGroup dynamics
650 _aSocial capital
650 _aManagement education
700 _aServa, Mark A.
773 _aJournal of Management Education
909 _a63978
999 _c63978
_d63978